Minecraft Foods - Sudden Death - Statistics

General Stats
  • This quiz has been taken 592 times
  • The average score is 13 of 18
Answers on the Grid
Answers color-coded by a green-red scale on the quiz's grid according to % correct below.
Spider Eye
Chorus Fruit
Sweet Berries
Dried Kelp
Pufferfish
Beetroot
Cookie
Carrot
Honey Bottle
Pizza
Tomato
Grape Vine
Mushroom Stew
Golden Apple
Enchanted Soup
Cooked Venison
Raw Mutton
Sushi Roll
Onion
Crab Leg
Pepper
Coconut
Corn Stalk
Bacon
Ghast Membrane
Pumpkin Pie
Steak
Goat Cheese
Rotten Flesh
Frog Eggs
Silverfish Scales
Rice
Pea Pod
Poisonous Potato
Melon Slice
Tropical Fish
 
Answer Stats
Answer % Correct
Carrot
83%
Rotten Flesh
79%
Cookie
78%
Golden Apple
78%
Steak
76%
Beetroot
74%
Mushroom Stew
74%
Poisonous Potato
74%
Spider Eye
74%
Pufferfish
73%
Pumpkin Pie
73%
Melon Slice
71%
Raw Mutton
71%
Tropical Fish
69%
Dried Kelp
68%
Sweet Berries
64%
Chorus Fruit
63%
Honey Bottle
63%
No matching quizzes found
Score Distribution
Percent of People with Each Score
Percentile by Number Answered
Your Score History
You have not taken this quiz